<?xml version="1.0" encoding="UTF-8"?>
<record
    xmlns:xsi="http://www.w3.org/2001/XMLSchema-instance"
    xsi:schemaLocation="http://www.loc.gov/MARC21/slim http://www.loc.gov/standards/marcxml/schema/MARC21slim.xsd"
    xmlns="http://www.loc.gov/MARC21/slim">

  <leader>00815nab a2200241 uc4500</leader>
  <controlfield tag="001">491675</controlfield>
  <controlfield tag="005">20240201131936.0</controlfield>
  <controlfield tag="008">990729e19970401                    spa  </controlfield>
  <datafield tag="035" ind1=" " ind2=" ">
    <subfield code="a">491675</subfield>
  </datafield>
  <datafield tag="035" ind1=" " ind2=" ">
    <subfield code="a">(OCoLC)819802346</subfield>
  </datafield>
  <datafield tag="040" ind1=" " ind2=" ">
    <subfield code="c">comduadb</subfield>
  </datafield>
  <datafield tag="041" ind1=" " ind2=" ">
    <subfield code="a">spa</subfield>
  </datafield>
  <datafield tag="100" ind1="1" ind2="0">
    <subfield code="a">Jorcano, Jose Luis</subfield>
    <subfield code="4">aut</subfield>
    <subfield code="e">aut</subfield>
    <subfield code="9">502991</subfield>
  </datafield>
  <datafield tag="245" ind1="1" ind2="3">
    <subfield code="a">La piel como sistema de terapia celular y genica</subfield>
  </datafield>
  <datafield tag="650" ind1=" " ind2=" ">
    <subfield code="a">Terapia gen&#xE9;tica</subfield>
    <subfield code="9">73362</subfield>
  </datafield>
  <datafield tag="650" ind1=" " ind2=" ">
    <subfield code="a">Manipulaci&#xF3;n gen&#xE9;tica</subfield>
    <subfield code="9">35117</subfield>
  </datafield>
  <datafield tag="650" ind1=" " ind2=" ">
    <subfield code="a">Cultivos celulares</subfield>
    <subfield code="9">53711</subfield>
  </datafield>
  <datafield tag="650" ind1=" " ind2=" ">
    <subfield code="a">Terapia celular</subfield>
    <subfield code="9">22718</subfield>
  </datafield>
  <datafield tag="650" ind1=" " ind2=" ">
    <subfield code="a">Dermatolog&#xED;a</subfield>
    <subfield code="9">45472</subfield>
  </datafield>
  <datafield tag="650" ind1=" " ind2=" ">
    <subfield code="a">&#xDA;lcera cut&#xE1;nea</subfield>
    <subfield code="9">50634</subfield>
  </datafield>
  <datafield tag="773" ind1="0" ind2=" ">
    <subfield code="t">Revista de la Real Academia de Ciencias Exactas, F&#xED;sicas y Naturales (Espa&#xF1;a)</subfield>
    <subfield code="g">Vol. 091, No. 02, Abr. 1997, p. 169-175</subfield>
    <subfield code="w">135461</subfield>
    <subfield code="x">1137-2141</subfield>
    <subfield code="0">70538</subfield>
  </datafield>
  <datafield tag="942" ind1=" " ind2=" ">
    <subfield code="c">ARIMP</subfield>
  </datafield>
  <datafield tag="999" ind1=" " ind2=" ">
    <subfield code="c">126392</subfield>
    <subfield code="d">126392</subfield>
  </datafield>
</record>
